000
00302 a2200145 4500
001
163978
020
_a
040
_c
Magnum
100
_a
Sypriano, Lilian
240
1
0
_a
Minha amiga sereia
_l
por
245
1
0
_a
Minha amiga sereia
362
0
_a
1899
697
_a
I/AVENTURA, CRIANCAS
942
_c
BK
999
_c
163978
_d
163978